00349nam a2200133Ia 4500008004100000041000800041082001700049100001900066245004400085250001400129260003500143300003000178365000700208240624s9999 xx 000 0 und d aeng a658.4013 SMI aSMITH GERALD M aSTATISTICAL PROCESS CONTROL AND QUALITY a(5th ed.) c2004aDelhibPearson Education axv, : 651 : p. : cm. ; 24 cRS